National Assembly Library of Thailand

วารสารมนุษยศาสตร์และสังคมศาสตร์มหาวิทยาลัยนครพนม (ระเบียนเลขที่ 97892)

รายละเอียดในรูปแบบ MARC
000 -LEADER
fixed length control field 00515nas a22001577a 4500
003 - CONTROL NUMBER IDENTIFIER
control field NALT
005 - DATE AND TIME OF LATEST TRANSACTION
control field 20201229160222.0
008 - FIXED-LENGTH DATA ELEMENTS--GENERAL INFORMATION
fixed length control field 201229b th |||p| |||| 00| 0 tha d
022 ## - INTERNATIONAL STANDARD SERIAL NUMBER
International Standard Serial Number 26512467 (Online)
040 ## - CATALOGING SOURCE
Original cataloging agency NALT
041 ## - LANGUAGE CODE
Language code of text/sound track or separate title tha
245 00 - TITLE STATEMENT
Title วารสารมนุษยศาสตร์และสังคมศาสตร์มหาวิทยาลัยนครพนม
246 31 - VARYING FORM OF TITLE
Title proper/short title Journal of Humanities and Social Sciences Nakhon Phanom University
850 ## - HOLDING INSTITUTION
Holding institution NALT
942 ## - ADDED ENTRY ELEMENTS (KOHA)
Koha item type Journal/Magazine
998 ## - STAFF NAME (NALT)
-- 755
-- 755
-- จินตนา เอี่ยมคง

ไม่มีตัวเล่มให้บริการ

หอสมุดรัฐสภา
สำนักงานเลขาธิการสภาผู้แทนราษฎร เลขที่ 1111 ถนนสามเสน แขวงถนนนครไชยศรี เขตดุสิต กรุงเทพฯ 10300
The Secretariat of the House of Representatives 1111 Samsen Road, Thanon Nakhon Chai Si, Dusit, Bangkok 10300, THAILAND
โทรศัพท์: +66(0) 2242 5900 ต่อ 5714-5 โทรสาร: +66(0) 2242 5990 อีเมล: [email protected]